Le convive de pierre (Record no. 172652)

MARC details
000 -LEADER
campo de control de longitud fija 00940nam a2200253 i 4500
001 - NÚMERO DE CONTROL
campo de control 172652
003 - IDENTIFICADOR DE NÚMERO DE CONTROL
campo de control ES-MaACL
005 - FECHA Y HORA DE LA ÚLTIMA TRANSACCIÓN
campo de control 20231201062954.0
008 - DATOS DE LONGITUD FIJA--INFORMACIÓN GENERAL
campo de control de longitud fija 090807s1947 fr |||| | fre d
080 ## - NÚMERO DE LA CLASIFICACIÓN DECIMAL UNIVERSAL
Número de la Clasificación Decimal Universal 821.161.1"18"
100 1# - ENTRADA PRINCIPAL--NOMBRE DE PERSONA
Nombre de persona Pushkin, Aleksandr Sergueevich,
Fechas asociadas al nombre 1799-1837
9 (RLIN) 94427
245 13 - MENCIÓN DEL TÍTULO
Título Le convive de pierre
Resto del título ; La roussalka /
Mención de responsabilidad, etc. Pouchkine ; texte russe présenté et traduit par Henri Thomas.
246 10 - FORMA VARIANTE DEL TITULO
Título propio/Titulo breve Roussalka
260 ## - PUBLICACIÓN, DISTRIBUCIÓN, ETC.
Lugar de publicación, distribución, etc. [Paris] :
Nombre del editor, distribuidor, etc. Seuil,
Fecha de publicación, distribución, etc. 1947 (
Fabricante Imp. de Nemours)
300 ## - DESCRIPCIÓN FÍSICA
Extensión 165, [3] p., [2] h. ;
Dimensiones 18 cm.
490 1# - MENCIÓN DE SERIE
Mención de serie Le don des langues
546 ## - NOTA DE IDIOMA
Nota de lengua/lenguaje Texto paralelo en ruso y francés.
546 ## - NOTA DE IDIOMA
Nota de lengua/lenguaje Introducción en francés.
598 ## - NOTA LOCAL
Nota local Collection poétique dirigée par Pierre Leyris.
700 1# - ENTRADA AGREGADA--NOMBRE PERSONAL
Nombre de persona Thomas, Henri.
9 (RLIN) 110017
830 0# - PUNTO DE ACCESO ADICIONAL DE SERIE-TÍTULO UNIFORME
Título uniforme Le don des langues
9 (RLIN) 223413
852 4# - LOCALIZACIÓN
Ubicación ES-MaACL
Número de control de estantería E-12940
itemnumber R.139471
Nota libre . - Biblioteca Jacinto Martínez Lacalle
Holdings
Estatus retirado Estado de pérdida Estado de daño No para préstamo Biblioteca de origen Biblioteca actual Ubicación en estantería Fecha de adquisición Fuente de adquisición Total de préstamos Signatura topográfica completa Código de barras Visto por última vez Precio de reemplazo Tipo de ítem Koha
        Biblioteca del Ateneo de Madrid Biblioteca del Ateneo de Madrid Depósito 2 07/08/2009     E-12940 1181181 23/02/2023 23/02/2023 Libro impreso